| 000 | 00000nam 2200000zi 4500 |
| 001 | 9.935777 |
| 003 | CaOODSP |
| 005 | 20241128150941 |
| 006 | m o d f |
| 007 | cr |n||||||||| |
| 008 | 240321s199407##nsc ob f|0| 0 eng d |
| 040 | |aCaOODSP|beng|erda|cCaOODSP |
| 043 | |an-cn-qu|an-cn-nf |
| 086 | 1 |aEn4-652/1994E-PDF |
| 245 | 00|aEnvironment Canada technical review of the revised environmental impact statement on military flying activities in Labrador and Quebec. |
| 264 | 1|a[Dartmouth, Nova Scotia] : |bEnvironment Canada, Atlantic Region, |cJuly 1994. |
| 300 | |a1 online resource (i, 29 pages) |
| 336 | |atext|btxt|2rdacontent |
| 337 | |acomputer|bc|2rdamedia |
| 338 | |aonline resource|bcr|2rdacarrier |
| 500 | |aDigitized edition from print [produced by Environment and Climate Change Canada]. |
| 504 | |aIncludes bibliographical references. |
| 650 | 0|aAirplanes, Military|xEnvironmental aspects|zQuebec (Province) |
| 650 | 0|aNoise pollution|zQuebec (Province) |
| 650 | 0|aAirplanes, Military|xEnvironmental aspects|zNewfoundland and Labrador. |
| 650 | 0|aNoise pollution|zNewfoundland and Labrador. |
| 650 | 6|aAvions militaires|xAspect de l'environnement|zQuébec (Province) |
| 650 | 6|aPollution par le bruit|zQuébec (Province) |
| 650 | 6|aAvions militaires|xAspect de l'environnement|zTerre-Neuve-et-Labrador. |
| 650 | 6|aPollution par le bruit|zTerre-Neuve-et-Labrador. |
| 710 | 1 |aCanada.|bEnvironment Canada. |bAtlantic Region, |eissuing body. |
| 856 | 40|qPDF|s3.28 MB|uhttps://publications.gc.ca/collections/collection_2024/eccc/en4/En4-652-1994-eng.pdf |